00933nam a22002537a 45000010005000000030006000050050017000110080041000280200015000690400029000840500013001130820013001261000022001392450041001612500046002022600037002483000045002855050008003305200213003385210021005515210020005726500034005926500053006266176FISKH20250325110456.0250324b cb ||||| |||| 00| 0 eng d a0590453572 aFISKHbengcFISKHdFISKH aE89 .F73 a 970.004 aFreedman, Russell aIndian chiefs /cBy Russell Freedman aFirst Scholastic printing, September 1991 aNew York : bScholastic ;c1987. a151 pages : b illustrations ;c26 cm .  aZ  aBiographies of six Western Indian chiefs who led their people in a historic moment of crisis, when a decision had to be made about fighting or cooperating with the white pioneers encroaching on their grounds.8 a1030 bLexile 8 aZ bRaz-Plus  aAmerican IndiansvNon-fiction aIndians of North America--BiographyvNon-fiction